| 000 | 00605nam a2200169Ia 4500 | ||
|---|---|---|---|
| 008 | 090201s9999 xx 000 0 und d | ||
| 010 | _aKPL-55452 | ||
| 040 | _bमराठी | ||
| 041 | _aमराठी | ||
| 082 |
_a40544 _b55452 |
||
| 100 | _aराजेंद्र बर्वे | ||
| 245 |
_aमनोविकार कथा आणि व्यथा _cराजेंद्र बर्वे |
||
| 260 |
_c2004 _bडिंपल पब्लिकेशन |
||
| 300 |
_a240 _bमोठा |
||
| 600 | _aमनोविकार कथा आणि व्यथा | ||
| 942 | _cBOOK | ||
| 999 |
_c237799 _d237799 |
||